Normal view
MARC view
- Arif, Dr.Manzoor Husain
Entry Personal Name
001 - CONTROL NUMBER
- control field: 109705
003 - CONTROL NUMBER IDENTIFIER
- control field: NUST
005 - DATE AND TIME OF LATEST TRANSACTION
- control field: 20230301185029.0
008 - FIXED-LENGTH DATA ELEMENTS
- fixed length control field: 230301|| aca||aabn | a|a d
040 ## - CATALOGING SOURCE
- Original cataloging agency: NUST
- Transcribing agency: NUST
100 ## - HEADING--PERSONAL NAME
- Personal name: Arif, Dr.Manzoor Husain
670 ## - SOURCE DATA FOUND
- Source citation: Work cat.: (NUST): Arif, Dr.Manzoor Husain , Taleem e Nafsiyat baraye asatezah / تعلیمی نفسیات براۓ اساتذہ (Urdu) /, 1989
